000 00495nam a22001577a 4500
008 150330b xxu||||| |||| 00| 0 eng d
050 _aBX1961.M147 1995 v.2
100 _aMcGrath, M
_916772
245 _aAfrica: Our way to new life
_c/by Michael McGrath and Nicole Gregoire
250 _aNew edition
260 _aLondon
_bPrivate
_c1995
300 _a2 vol. 222p. ;
_c22cm.
650 _aCatholic Church
_xCatechisms
_916773
700 _aGregoire, Nicole
_916774
942 _2lcc
_cMONOGRAPH
999 _c122548
_d122548